Chèo cổ truyền làng Thất Gian Quyển 2
Gardado en:
| Autor Principal: | |
|---|---|
| Formato: | Libro |
| Idioma: | Vietnamese |
| Publicado: |
Hà Nội
Văn hóa thông tin
2014
|
| Những chủ đề: | |
| Các nhãn: |
Engadir etiqueta
Sen Etiquetas, Sexa o primeiro en etiquetar este rexistro!
|
| Thư viện lưu trữ: | Trung tâm Học liệu Lê Vũ Hùng, Trường Đại học Đồng Tháp |
|---|
| LEADER | 00910pam a22002898a 4500 | ||
|---|---|---|---|
| 001 | 00032577 | ||
| 005 | 20171026081025.0 | ||
| 008 | 141010s2014 ||||||viesd | ||
| 020 | # | # | |a 9786045015537 |
| 041 | 0 | # | |a vie |
| 082 | 1 | 4 | |a 792.095 972 7 |b CH205C |
| 100 | 1 | # | |a Trần, Quốc Thịnh |
| 245 | 1 | 0 | |a Chèo cổ truyền làng Thất Gian |c Trần Quốc Thịnh |n Quyển 2 |
| 260 | # | # | |a Hà Nội |b Văn hóa thông tin |c 2014 |
| 300 | # | # | |a 711 tr. |c 21 cm. |
| 500 | # | # | |a ĐTTS ghi: Hội văn nghệ dân gian Việt Nam |
| 653 | # | # | |a Bắc Ninh |
| 653 | # | # | |a Chèo |
| 653 | # | # | |a Làng Thất Gian |
| 653 | # | # | |a Nghệ thuật |
| 653 | # | # | |a Sân khấu |
| 852 | # | # | |b Kho đọc |j KD.0016121 |
| 852 | # | # | |j KD.0016121 |
| 910 | |d 10/10/2014 | ||
| 980 | # | # | |a Trung tâm Học liệu Lê Vũ Hùng, Trường Đại học Đồng Tháp |


